Statistieken voor Top 15 landen met Covid-19 sterfgevallen - 30 maart 2022

Klik hier om de quiz te nemen!

Algemene statistieken

  • Deze quiz is 4 keer genomen
  • De gemiddelde score is 6 van 27

Antwoordstatistieken

land% Correct
Rusland
100%
Duitsland
67%
Frankrijk
67%
India
67%
Verenigde Staten
67%
Brazilië
33%
Colombia
33%
Hongarije
33%
Italië
33%
Mexico
33%
Peru
33%
Polen
33%
Slovenië
33%
Argentinië
0%
Bosnië en Herzegovina
0%
Bulgarije
0%
Georgië
0%
Indonesië
0%
Iran
0%
Kroatië
0%
Letland
0%
Litouwen
0%
Noord-Macedonië
0%
Roemenië
0%
Slowakije
0%
Tsjechië
0%
Verenigd Koninkrijk
0%

Scoreverdeling

Percentiel versus Aantal Correcte Antwoorden

Procent van Mensen met Elke Score

Uw Scoregeschiedenis

U heeft deze quiz nog niet genomen